CREATIVE LEARNING (Record no. 15702)

MARC details
000 -LEADER
fixed length control field 00384nam a22001577a 4500
003 - CONTROL NUMBER IDENTIFIER
control field OSt
005 - DATE AND TIME OF LATEST TRANSACTION
control field 20211029081551.0
008 - FIXED-LENGTH DATA ELEMENTS--GENERAL INFORMATION
fixed length control field 211029b |||||||| |||| 00| 0 eng d
020 ## - INTERNATIONAL STANDARD BOOK NUMBER
International Standard Book Number 8139501269
040 ## - CATALOGING SOURCE
Original cataloging agency hu
Transcribing agency ddc
082 ## - DEWEY DECIMAL CLASSIFICATION NUMBER
Classification number 371.3/pra
245 ## - TITLE STATEMENT
Title CREATIVE LEARNING
260 ## - PUBLICATION, DISTRIBUTION, ETC.
Place of publication, distribution, etc. NEW DELHI
Name of publisher, distributor, etc. VIVA BOOKS PRIVATE LIMITED
Date of publication, distribution, etc. 2007
300 ## - PHYSICAL DESCRIPTION
Extent XI,390,20CM
942 ## - ADDED ENTRY ELEMENTS (KOHA)
Source of classification or shelving scheme Dewey Decimal Classification
Koha item type Books like text book referance book
Suppress in OPAC No
Holdings
Withdrawn status Lost status Source of classification or shelving scheme Damaged status Not for loan Home library Current library Shelving location Date acquired Total Checkouts Full call number Barcode Date last seen Copy number Price effective from Koha item type
    Dewey Decimal Classification     Law & Governance lLbrary Law & Governance lLbrary General Stacks 10/29/2021   371.3/PRA LGCLIB0001713 10/29/2021 C1 10/29/2021 Books like text book referance book
    Dewey Decimal Classification     Law & Governance lLbrary Law & Governance lLbrary General Stacks 10/29/2021   371.3/PRA LGCLIB00005518 10/29/2021 C2 10/29/2021 Books like text book referance book
    Dewey Decimal Classification     Law & Governance lLbrary Law & Governance lLbrary General Stacks 10/29/2021   371.3/PRA LGCLIB0001715 10/29/2021 C3 10/29/2021 Books like text book referance book
    Dewey Decimal Classification     Law & Governance lLbrary Law & Governance lLbrary General Stacks 10/29/2021   371.3/PRA LGCLIB0001716 10/29/2021 C4 10/29/2021 Books like text book referance book